ठंडी नहीं होती कभी आग / (Record no. 113808)

MARC details
000 -LEADER
fixed length control field 01065nam a22002537a 4500
005 - DATE AND TIME OF LATEST TRANSACTION
control field 20170124102958.0
010 ## - LIBRARY OF CONGRESS CONTROL NUMBER
LC control number B-069331
020 ## - INTERNATIONAL STANDARD BOOK NUMBER
Terms of availability 110.00
035 ## - SYSTEM CONTROL NUMBER
System control number B-069331
037 ## - SOURCE OF ACQUISITION
Source of stock number/acquisition Cen Lib/Ret
040 ## - CATALOGING SOURCE
Original cataloging agency DPL
Language of cataloging HN
082 ## - DEWEY DECIMAL CLASSIFICATION NUMBER
Classification number 821
Item number च्यवन
100 ## - MAIN ENTRY--PERSONAL NAME
Personal name च्यवन , राजेन्द्र
9 (RLIN) 53925
245 ## - TITLE STATEMENT
Title ठंडी नहीं होती कभी आग /
Statement of responsibility, etc राजेन्द्र च्यवन
246 ## - VARYING FORM OF TITLE
Title proper/short title Thandi nahi hoti kabhi aag /
Remainder of title by Rajendra Chayvan
260 ## - PUBLICATION, DISTRIBUTION, ETC. (IMPRINT)
Place of publication, distribution, etc दिल्ली
Name of publisher, distributor, etc शब्दसृष्टि
Date of publication, distribution, etc 2003
270 ## - ADDRESS
City दिल्ली
Address 1/10295, गली न.1, वेस्ट गोरखपार्क, शाहदरा
Postal code 110032
300 ## - PHYSICAL DESCRIPTION
Extent 111पृ.
Dimensions 21सेमी (सजिल्द)
650 ## - SUBJECT ADDED ENTRY--TOPICAL TERM
Topical term or geographic name as entry element हिन्दी -- साहित्य
9 (RLIN) 53926
650 ## - SUBJECT ADDED ENTRY--TOPICAL TERM
Topical term or geographic name as entry element हिन्दी -- कविताएँ
9 (RLIN) 53927
650 ## - SUBJECT ADDED ENTRY--TOPICAL TERM
Topical term or geographic name as entry element Hindi -- Literature
9 (RLIN) 53928
650 ## - SUBJECT ADDED ENTRY--TOPICAL TERM
Topical term or geographic name as entry element Hindi - Poems
9 (RLIN) 53929
942 ## - ADDED ENTRY ELEMENTS (KOHA)
Source of classification or shelving scheme Dewey Decimal Classification
Koha item type Hindi Books
Classification part 827
Call number suffix च्यवन
Holdings
Withdrawn status Lost status Damaged status Not for loan Home library Current library Date acquired Source of acquisition Cost, normal purchase price Total Checkouts Total Renewals Full call number Barcode Date last seen Date checked out Copy number Cost, replacement price Price effective from Koha item type
        Central Library Central Library 13/08/2015 Cen Lib/Ret 110.00 1 1 821 च्यवन B-069331 05/05/2022 11/04/2022 1 110.00 13/08/2015 Hindi Books

© Delhi Public Library
Hit Counter
free hit counter